| 000 | 00421nam a2200145Ia 4500 | ||
|---|---|---|---|
| 008 | 230917s9999||||xx |||||||||||||| ||und|| | ||
| 040 |
_e19133 _aMAIN |
||
| 041 | _aEnglish | ||
| 082 | _a515.353 B788I | ||
| 100 | _aBroman, Arne | ||
| 245 | 0 | _aIntroduction to partial differential equations from Fourier series to boundary-value problem | |
| 260 |
_aReading _bAddison-Wesley _c1970 |
||
| 300 | _ax, 179 p. | ||
| 942 | _cBK | ||
| 999 |
_c137623 _d137623 |
||